A history of Israel : (Record no. 27747)

MARC details
000 -LEADER
campo de control de longitud fija 01162cam a2200397Ia 4500
003 - IDENTIFICADOR DE NÚMERO DE CONTROL
campo de control BJBSDDR
005 - FECHA Y HORA DE LA ÚLTIMA TRANSACCIÓN
campo de control 20230410103902.0
007 - CAMPO FIJO DE DESCRIPCIÓN FÍSICA--INFORMACIÓN GENERAL
campo de control de longitud fija ta
008 - DATOS DE LONGITUD FIJA--INFORMACIÓN GENERAL
campo de control de longitud fija 950718s1996 nyub b 001 0 eng d
020 ## - NÚMERO INTERNACIONAL ESTÁNDAR DEL LIBRO
Número Internacional Estándar del Libro 0679765638
020 ## - NÚMERO INTERNACIONAL ESTÁNDAR DEL LIBRO
Número Internacional Estándar del Libro 9780679765639
020 ## - NÚMERO INTERNACIONAL ESTÁNDAR DEL LIBRO
Número Internacional Estándar del Libro 06794463X
029 1# - OTRO NÚMERO DE CONTROL DE SISTEMA (OCLC)
Identificador de la biblioteca OCLC YDXCP
Número de control de sistema 546525
035 ## - NÚMERO DE CONTROL DEL SISTEMA
Número de control de sistema (OCoLC)ocm34470832
035 ## - NÚMERO DE CONTROL DEL SISTEMA
Número de control de sistema (OCoLC)34470832
040 ## - FUENTE DE CATALOGACIÓN
Centro catalogador/agencia de origen JRF
Centro/agencia transcriptor JRF
Lengua de catalogación spa
041 ## - CÓDIGO DE IDIOMA
Código de lengua del texto/banda sonora o título independiente eng
043 ## - CÓDIGO DE ÁREA GEOGRÁFICA
Código de área geográfica a-is---
049 ## - FONDOS LOCALES (OCLC)
Biblioteca depositaria GRAL
050 14 - SIGNATURA TOPOGRÁFICA DE LA BIBLIOTECA DEL CONGRESO
Número de clasificación 416 DS 126.5
Número de ítem S121h 1996
082 00 - NÚMERO DE LA CLASIFICACIÓN DECIMAL DEWEY
Número de clasificación 956.94
100 1# - ENTRADA PRINCIPAL--NOMBRE DE PERSONA
Nombre de persona Sachar, Howard M.
Fechas asociadas al nombre 1928-2018
Forma completa/desarrollada del nombre (Howard Morley),
245 12 - MENCIÓN DEL TÍTULO
Título A history of Israel :
Resto del título from the rise of Zionism to our time /
Mención de responsabilidad, etc. Howard M. Sachar.
250 ## - MENCION DE EDICION
Mención de edición 2nd ed., rev. & updated.
260 ## - PUBLICACIÓN, DISTRIBUCIÓN, ETC.
Lugar de publicación, distribución, etc. New York :
Nombre del editor, distribuidor, etc. Knopf,
Fecha de publicación, distribución, etc. c1996.
300 ## - DESCRIPCIÓN FÍSICA
Extensión xx, 1153 p. :
Otras características físicas maps ;
Dimensiones 25 cm.
504 ## - NOTA DE BIBLIOGRAFÍA, ETC.
Nota de bibliografía, etc. Includes bibliographical references and index.
650 #0 - PUNTO DE ACCESO ADICIONAL DE MATERIA--TÉRMINO DE MATERIA
Término de materia o nombre geográfico como elemento de entrada Zionism
Subdivisión general History.
650 #4 - PUNTO DE ACCESO ADICIONAL DE MATERIA--TÉRMINO DE MATERIA
Término de materia o nombre geográfico como elemento de entrada Sionismo
Subdivisión general Historia.
9 (RLIN) 5255
651 #0 - PUNTO DE ACCESO ADICIONAL DE MATERIA--NOMBRE GEOGRÁFICO
Nombre geográfico Israel
Subdivisión general History.
651 #4 - PUNTO DE ACCESO ADICIONAL DE MATERIA--NOMBRE GEOGRÁFICO
Nombre geográfico Israel
Subdivisión general Historia
9 (RLIN) 15733
651 #0 - PUNTO DE ACCESO ADICIONAL DE MATERIA--NOMBRE GEOGRÁFICO
Nombre geográfico Palestine
Subdivisión general History
Subdivisión cronológica 1917-1948.
651 #4 - PUNTO DE ACCESO ADICIONAL DE MATERIA--NOMBRE GEOGRÁFICO
Nombre geográfico Palestina
Subdivisión general Historia
Subdivisión cronológica 1917-1948
9 (RLIN) 3508
942 ## - ELEMENTOS DE ENTRADA SECUNDARIOS (KOHA)
Fuente del sistema de clasificación o colocación Clasificación de Library of Congress
Tipo de ítem Koha Libro
946 ## - PROCESAMIENTO DE INFORMACIÓN LOCAL (OCLC)
a MF
Holdings
Estatus retirado Estado de pérdida Estado de daño No para préstamo Colección Biblioteca de origen Biblioteca actual Ubicación en estantería Fecha de adquisición Signatura topográfica completa Código de barras Visto por última vez Copia número Tipo de ítem Koha
        Recursos Regionales Biblioteca Juan Bosch Biblioteca Juan Bosch Recursos Regionales (2do. Piso) 10/04/2023 416 DS 126.5 S121h 1996 00000029049 23/10/2018 1 Libro